[Event "CZE-ch U12 Girls"]
[Site "Kouty nad Desnou"]
[Date "2017.03.15"]
[Round "6"]
[White "Pluharova, Asja"]
[Black "Hosova, Sandra"]
[Result "0-1"]
[WhiteElo "1000"]
[BlackElo "1138"]
[PlyCount "72"]
[EventDate "2017.03.11"]
[EventType "swiss"]
[EventRounds "9"]
[EventCountry "CZE"]
[SourceTitle "CBM 177 Extra"]
[Source "ChessBase"]
[SourceDate "2017.04.27"]
[SourceVersion "1"]
[SourceVersionDate "2017.04.27"]
[SourceQuality "1"]

1. e4 e5 2. Nf3 Nc6 3. d4 exd4 4. Nxd4 Bc5 5. Be3 Qf6 6. Nxc6 Qxc6 7. Bd3 b6 8. 0-0 Bb7 9. Nc3 0-0-0 10. Qf3 Nf6 11. Bg5 Bd4 12. Rab1 Bxc3 13. bxc3 Qxc3 14. Rb3 Qe5 15. Rb5 c5 16. Qe3 Ng4 17. Qf4 f6 18. Qxg4 fxg5 19. Re1 Rdf8 20. f3 h5 21. Qh3 Qd4+ 22. Kh1 Rf4 23. Rb3 Rh6 24. Bb5 g4 25. fxg4 hxg4 26. Qg3 Bxe4 27. Qxf4 Bxg2+ 28. Kxg2 Qxf4 29. Re8+ Kc7 30. Rg3 Qd2+ 31. Kg1 Qxh2+ 32. Kf1 Qxg3 33. Rf8 Rh2 34. c3 Qxc3 35. Rf2 Rh1+ 36. Kg2 Qh3# 0-1